Modernity and its malcontents : ritual and power in postcolonial Africa
Αποθηκεύτηκε σε:
| Άλλοι συγγραφείς: | , |
|---|---|
| Μορφή: | Βιβλίο |
| Γλώσσα: | English |
| Δημοσίευση: |
Chicago :
University of Chicago Press,
1993
|
| Θέματα: | |
| Ετικέτες: |
Προσθήκη ετικέτας
Δεν υπάρχουν, Καταχωρήστε ετικέτα πρώτοι!
|
MARC
| LEADER | 00000nam a2200000 i 4500 | ||
|---|---|---|---|
| 001 | 1/50746 | ||
| 008 | 070806s1993 eng d | ||
| 020 | |a 0-226-11440-6 (pbk.) | ||
| 035 | |l 10089536 | ||
| 040 | |a GR-MY-UA |b gre |e aacr | ||
| 041 | 0 | |a eng | |
| 082 | 0 | |a 303.4 |2 (22) | |
| 245 | 1 | 0 | |a Modernity and its malcontents : |b ritual and power in postcolonial Africa / |c edited by Jean Comaroff and John Comaroff |
| 260 | |a Chicago : |b University of Chicago Press, |c 1993 | ||
| 300 | |a xxxvii, 233 σ.; |b εικ.; |c 24 εκ. | ||
| 500 | |a Οι εργασίες παρουσιάστηκαν στο συνέδριο που πραγματοποιήθηκε τον χειμώνα του 1990 στο Πανεπιοστήμιο του Σικάγου | ||
| 504 | |a Περιέχει βιβλιογραφικές παραπομπές και ευρετήριο | ||
| 650 | 0 | 0 | |a Rites and ceremonies |z Africa |x Congresses. |
| 650 | 0 | 0 | |a Witchcraft |z Africa |x Congresses. |
| 650 | 0 | 0 | |a Power (Social sciences) |x Congresses. |
| 651 | 0 | |a Africa |x Politics and government |x Congresses. | |
| 651 | 0 | |a Africa |x Social life and customs |x Congresses. | |
| 700 | 1 | |a Comaroff, Jean. |4 edt | |
| 700 | 1 | |a Comaroff, John L. |d 1945- |4 edt | |
| 852 | |a INST |b LESVOS |e 20070806 |h 303.4 MOD |p 005100041376 |q 005100041376 |t BK |y 0 | ||
| 901 | |a BIBL1-2007-2 | ||
| 909 | |a Λ |b 137384 | ||
| 922 | |a 1ΕΛΗ |b 200707 |c ΕΠΕΑΕΚ2/ΤΚΑ |d ΕΛΕΥΘΕΡΟΥΔΑΚΗΣ | ||
| 970 | |a ΚΑΡΑ |b ΓΙΑΣΕΜΗ |z 2007/08/06 | ||